Prefix Click Quiz: S - Statistics

General Stats
  • This quiz has been taken 132 times
  • The average score is 12 of 15
Answer Stats
Hint Answer % Correct
Write Script-
97%
Half Semi-
94%
Under Subter-
91%
Sugar Sacchar-
89%
Sun Sol-
89%
Crooked Scoli-
87%
Star Stell-
86%
Over Super-
86%
Arrow Sagitt-
83%
Sister Soror-
80%
Sound Son-
79%
S (letter) Sigm-
77%
Group Soci-
77%
Body Soma-
64%
Wise Soph-
60%
No matching quizzes found
Score Distribution
Percent of People with Each Score
Percentile by Number Answered
Your Score History
You have not taken this quiz